| 000 | 00797nam a22002537a 4500 | ||
|---|---|---|---|
| 005 | 20170123162338.0 | ||
| 010 | _a645764 | ||
| 020 | _c2.00 | ||
| 035 | _a645764 | ||
| 037 | _bCen Lib/Ret | ||
| 040 |
_bUR _aDPL |
||
| 082 |
_a842 _bک ش ن |
||
| 100 |
_aکیشن چندر زیبا _9125429 |
||
| 245 |
_aدھرم ادھرم یدھ / _cکیشن چندر زیبا |
||
| 246 |
_aDharm adharm yudh / _bby Kishan Chandar Zeba |
||
| 260 |
_bلاجپت ارے اینڈ سنز تاجران کتب _c1967 _aدہلی |
||
| 270 | _bدہلی | ||
| 300 |
_a143p _c18cm(Hb) |
||
| 650 |
_aادب -- اردو _9125430 |
||
| 650 |
_aاردوڈرامے _9125431 |
||
| 650 |
_aLiterature -- Urdu _9125432 |
||
| 650 |
_aUrdu drame _9125433 |
||
| 942 |
_2ddc _cUR _h842 _mک ش ن |
||
| 999 |
_c108319 _d108319 |
||